Lectures on the book of revelation /

Saved in:
Bibliographic Details
Main Author: Ironside, H. A. (Henry Allan), 1876-1951
Format: Book
Language:English
Published: New York : Loizeaux Brothers, 1956.
Subjects:
LEADER 00745nam a2200205 a 4500
001 c000412597
003 CARM
005 00000000000000.0
008 971208s1956 nyu 000 0 eng d
019 1 |a 11052287 
040 |a VDU  |b eng  |c VDU 
082 0 4 |a 228 
100 1 |a Ironside, H. A.  |q (Henry Allan),  |d 1876-1951. 
245 1 0 |a Lectures on the book of revelation /  |c by H.A. Ironside. 
260 |a New York :  |b Loizeaux Brothers,  |c 1956. 
300 |a 366 p. 
630 0 0 |a Bible.  |p N.T.  |p Revelation  |x Commentaries. 
852 8 |b CARM  |h A3:AF06A0  |i A05627  |p 0569591  |f BK 
999 f f |i f5d900ab-729e-54be-8728-d84e493b0b8f  |s 6edb1fae-785a-59eb-9f41-1ad504348129 
952 f f |p Can circulate  |a CAVAL  |b CAVAL  |c CAVAL  |d CARM 1 Store  |e A05627  |f A3:AF06A0  |h Other scheme  |i book  |m 0569591